Utensili, mobili ed elettrodomestici (con foto) - - modo casuale - Statistics

Statistiche generali
  • Questo quiz è stato fatto 66 volte
  • Il punteggio medio è 15 su 20
Statistiche sulle risposte
con Immagini Risposta % Corretto
armadio
100%
asciugatrice
100%
aspirapolvere
100%
bicchiere
100%
bullone
100%
bussola
100%
cacciavite
100%
canna da pesca
100%
cassetto
100%
chiodo
100%
coltello
100%
comodino
100%
congelatore
100%
coperchio
100%
coperta
100%
cucchiaio
100%
cuscino
100%
detersivo
100%
ferro da stiro
100%
forchetta
100%
forno
100%
frigorifero
100%
frullatore
100%
lavastoviglie
100%
lavatrice
100%
maniglia
100%
martello
100%
materasso
100%
mattarello
100%
mestolo
100%
microonde
100%
mocio
100%
motosega
100%
padella
100%
paletta
100%
panca
100%
pentola
100%
piede di porco
100%
saliera
100%
scala
100%
scopa
100%
scrivania
100%
secchio
100%
sega
100%
sgabello
100%
spugna
100%
stampella
100%
tazza
100%
tostapane
100%
trapano
100%
ventilatore
100%
scarpiera
91%
graticola
90%
cappa
88%
ciotola
88%
poltrona
88%
tappeto
88%
apribottiglie
86%
fiammifero
86%
frusta
86%
serratura
86%
tagliaerba
86%
avvitatore
83%
colino
83%
cucchiaino
83%
gruccia
83%
macchina da cucire
83%
pinza
83%
telaio
83%
brocca
82%
manico
82%
barattolo
80%
grattugia
80%
spatola
80%
spremiagrumi
80%
tagliere
80%
vite
80%
chiave inglese
75%
livella
75%
mensola
75%
scaffale
75%
teglia
75%
comò
73%
pattumiera
71%
appendiabiti
67%
apriscatole
67%
scolapasta
67%
straccio
67%
strofinaccio
67%
ago
60%
moquette
60%
forcone
57%
sega circolare
57%
amo da pesca
50%
bollitore elettrico
50%
cesoia
50%
condizionatore
50%
gancio
50%
panno microfibra
50%
tegame
50%
dado
43%
scalpello
43%
lima
40%
ripostiglio
40%
cassettiera
33%
morsetto
33%
soffiatore di foglie
33%
tenaglia
33%
misurino
30%
lenzuola
29%
guardaroba
25%
schiumarola
25%
mazzuolo
20%
spillo
17%
acchiappamosche
0%
canovaccio
0%
ferro da maglia
0%
metro a nastro
0%
picchetto
0%
pinza da bucato
0%
Nessun quiz corrispondente trovato
Distribuzione punteggi
Percentuale di utenti per punteggio
Percentile per numero di risposta
I tuoi punteggi nel tempo
Non hai fatto questo quiz